Norton Utilities : Příručka pro uživatele /
Gespeichert in:
| 1. Verfasser: | |
|---|---|
| Format: | Buch |
| Sprache: | Tschechisch |
| Veröffentlicht: |
Praha :
Grada,
1991
|
| Schlagworte: | |
| Tags: |
Keine Tags, Fügen Sie das erste Tag hinzu!
|
MARC
| LEADER | 00000nam a22000003a 4500 | ||
|---|---|---|---|
| 001 | stu36629 | ||
| 005 | 20150617225727.3 | ||
| 008 | 920616s1991----cs------------------cze-d | ||
| 020 | |a 80-85424-05-3 | ||
| 040 | |a STU |b slo | ||
| 041 | 0 | |a cze | |
| 044 | |a cs | ||
| 080 | |a 681.3.06 | ||
| 100 | 1 | |a Leixner, Miroslav |4 aut | |
| 245 | 1 | |a Norton Utilities : |b Příručka pro uživatele / |c [aut.]Miroslav Leixner | |
| 260 | |a Praha : |b Grada, |c 1991 | ||
| 300 | |a 217 s | ||
| 650 | 7 | |a programy počítačové |2 stusub | |
| 650 | 7 | |a Norton Utilities |2 stusub | |
| 996 | |b 284M039797 |c M*8033-1 |l MMKN |s A |a 24 |w stu36629_0001 | ||
| 996 | |b 284M081974 |c M*8033-2 |l MMKN |s A |a 24 |w stu36629_0002 | ||